Madness - I Like Driving In My Car Lyrics Quiz - Statistics

General Stats
  • This quiz has been taken 12 times
    9 since last reset
  • The average score is 158 of 255
Answer Stats
Answer % Correct
a
100%
car
100%
driving
100%
I
100%
I'm
100%
in
100%
In
100%
my
100%
far
80%
it
80%
It
80%
It's
80%
it's
80%
like
80%
and
60%
been
60%
bloke
60%
bought
60%
But
60%
but
60%
by
60%
care
60%
don't
60%
drive
60%
for
60%
From
60%
from
60%
Give
60%
got
60%
Ha
60%
ha
60%
had
60%
have
60%
He
60%
I've
60%
Jaguar
60%
Just
60%
me
60%
not
60%
on
60%
quite
60%
really
60%
the
60%
The
60%
This
60%
this
60%
time
60%
to
60%
air
40%
bender
40%
bit
40%
Brazil
40%
calls
40%
changed
40%
coil
40%
could
40%
day
40%
door
40%
factory
40%
fender
40%
fifty-nine
40%
gas
40%
governor
40%
her
40%
Hill
40%
job
40%
last
40%
Last
40%
learnt
40%
look
40%
made
40%
mend
40%
mine
40%
"Morris"
40%
much
40%
oil
40%
old
40%
open
40%
other
40%
park
40%
Primrose
40%
satisfied
40%
slob
40%
some
40%
spare
40%
Tyne
40%
was
40%
week
40%
went
40%
were
40%
what
40%
with
40%
You're
40%
A45
20%
along
20%
also
20%
before
20%
Bill
20%
clock
20%
copper
20%
dented
20%
drove
20%
even
20%
Even
20%
fifty-eight
20%
flat
20%
GPO
20%
knock
20%
little
20%
mistaken
20%
Muswell
20%
okay
20%
owned
20%
rocker
20%
'round
20%
say?
20%
says
20%
Selsey
20%
somebody's
20%
stopped
20%
sworn
20%
They
20%
tyre
20%
tyres
20%
up
20%
valves
20%
worn
20%
No matching quizzes found
Score Distribution
Percent of People with Each Score
Percentile by Number Answered
Your Score History
You have not taken this quiz since the last reset